000 00877nam a2200277 a 4500
001 40778
003 BD-RjUL
005 20211209053258.0
008 160510s1965 nju b 000 0 eng
035 _a(BD-RjUL)40893
040 _aDLC
_cDLC
_dBD-RjUL
_beng
041 _aeng
082 0 0 _a322.109591
_223
_b SMR 1965
100 1 _aSmith, Donald Eugene
_d1927-
_9125482
245 1 0 _aReligion and politics in Burma /
_cDonald Eugene Smith
260 _aPrinceton, N.J.,
_bPrinceton University Press,
_c1965.
300 _axiii, 350 p. ;
_c24 cm.
504 _aBibliographical footnotes.
650 0 _aBuddhism
_zBurma.
_9125483
650 0 _aNationalism
_zBurma.
_9125484
650 0 _aBuddhism and state
_zBurma.
_9125485
650 0 _aNationalism
_xReligious aspects
_xBuddhism.
_9125486
651 0 _aBurma
_xReligion.
_9125487
942 _2ddc
_cBK
999 _c40778
_d40778